000 00445nam a2200181Ia 4500
001 18451
005 20260306171631.0
008 260306s9999||||xx |||||||||||||| ||und||
041 _aESP
082 _a658.404
_bS66
100 _aSols Rodríguez-Candela, Alberto
_eAUT
245 0 _aLa gestión integral de proyectos
260 _c2013
300 _a452 páginas :
_c24 cm.
650 _aGEN
654 _aCAN
942 _cLIB
_dJUS
_fJUS
_2ddc
_n
999 _c18451
_d18451